00286nam a2200121Ia 4500008004100000041000800041082001500049100001800064245001400082260003300096300002400129365001100153240624s9999 xx 000 0 und d aeng a891.46 DES aDESHPANDE P L aPURCHUNDI c2009aMumbaibMouj Prakashan a160 : p. : cm. ; 21 cRSb20